Spaces : dimensions of the human landscape /

Bibliographic Details
Main Author: Greenbie, Barrie B.
Format: Book
Language:English
Published: New Haven, Conn. : Yale University Press, [1981]
Subjects:

MARC

Tag First Indicator Second Indicator Subfields
LEADER 00000cam a22000008a 4500
001 in00000071966
005 20151008062501.0
008 810306s1981 ctua b 00110 eng
010 |a  81050435  
020 |a 0300025491 
020 |a 0300025602 (pbk.) 
035 |a (OCoLC)07273794 
035 |9 AAK0320AM 
039 0 |a 2  |b 3  |c 3  |d 3  |e 3 
040 |a DLC  |c DLC  |d TXA  |d UtOrBLW 
049 |a TXAM  |c [1387322] 
050 0 0 |a GF90  |b .G73 
082 0 |a 304.2  |2 19 
100 1 |a Greenbie, Barrie B. 
245 1 0 |a Spaces :  |b dimensions of the human landscape /  |c text and photographs by Barrie B. Greenbie. 
263 |a 8112 
264 1 |a New Haven, Conn. :  |b Yale University Press,  |c [1981] 
264 4 |c ©1981 
300 |a xiii, 321 pages :  |b illustrations ;  |c 29 cm. 
336 |a text  |b txt  |2 rdacontent 
337 |a unmediated  |b n  |2 rdamedia 
338 |a volume  |b nc  |2 rdacarrier 
500 |a Includes indexes. 
504 |a Bibliography: pages 297-300. 
650 0 |a Landscape assessment. 
999 |a MARS 
999 f f |s 7d28512d-8897-33ba-a197-2a2651f2018c  |i 0a066647-f216-3fe7-8697-2b71763ca21e  |t 0 
952 f f |p ric  |a Texas A&M University  |b Rellis Campus  |c Joint Library Facility  |d Remote Storage  |t 0  |e GF90 .G73  |h Library of Congress classification  |i unmediated -- volume  |m A14806113824 
998 f f |a GF90 .G73  |t 0  |l Remote Storage